000 00381 a2200169 4500
001 157336
020 _a978-85-7153-366-0
040 _cEscola São Tomás de Aquino
100 _aLANZNASTER, Robeto
240 1 0 _aImaginarium
_lpor
245 1 0 _aImaginarium
300 _a64
362 0 _a2018
440 1 _aRHJ
697 _aFolclore / Adivinhações / Lendas
942 _cBK
999 _c157336
_d157336